I Saw Her Standing There Lyrics - The Beatles - Statistics

General Stats
  • This quiz has been taken 69 times
  • The average score is 148 of 189
Answer Stats
Answer % Correct
her
98%
I
98%
I,
98%
the
96%
saw
94%
she
94%
She
94%
standin'
94%
there?
94%
there
94%
And
92%
me
92%
you
92%
we
90%
dance
88%
seventeen
88%
was
88%
what
88%
another?
86%
another
86%
just
86%
know
86%
with
86%
looked
84%
mean
84%
could
82%
way
82%
when
82%
When
82%
Well,
80%
well,
80%
in
78%
see
78%
at
76%
beyond
76%
compare
76%
love
76%
how
75%
That
75%
that
75%
held
71%
Oh,
71%
each
69%
fall
69%
long,
69%
other
69%
tight
69%
too
69%
wouldn't
69%
before
67%
fell
67%
I'd
67%
hand
65%
night
65%
danced
63%
mine
61%
through
61%
room
59%
So
59%
my
57%
never
57%
crossed
55%
heart
55%
I'll
53%
One,
53%
since
53%
standing
53%
three,
53%
two,
53%
boom
51%
four!
51%
went
51%
Yeah,
51%
Ooh,
49%
If
45%
Now,
43%
Woo,
33%
No matching quizzes found
Score Distribution
Percent of People with Each Score
Percentile by Number Answered
Your Score History
You have not taken this quiz